000 004420000a22001690004500
041 0 _aENG
082 0 4 _aG 261 K948f
100 1 _aKrutza, William J.
245 1 0 _aFacing the issues / William J. Krutza, Philip P. Di Cicco
260 _aGrand Rapids, MI., USA : Baker
300 _a119 Pag
001 6885
942 _cBK
999 _c37135
_d37135
336 _atexto
_btxt
_2rdacontent
337 _2rdamedia
_asin mediación
_bn
338 _2rdacarrier
_avolumen
_bnc